| 000 | 00599nam a2200181Ia 4500 | ||
|---|---|---|---|
| 008 | 140529s9999 xx 000 0 und d | ||
| 020 | _a9781422179765 | ||
| 050 |
_aHD 31 _b.Ei4766 2009 |
||
| 100 | _aEisenhardt, Kathleen M. | ||
| 245 |
_aHow management teams can have a good fight / _cKathleen M. Eisenhardt, Jean L. Kahwajy, and L.J. Bourgeois III |
||
| 260 |
_aBoston, Mass. : _bHarvard Business Press, _cc2009. |
||
| 300 |
_a55 p. ; _c17 cm. |
||
| 440 | _a(Harvard business review classics). | ||
| 521 | _aBSBA | ||
| 650 | _aTeams in the workplace. | ||
| 942 |
_kFOR _cBK |
||
| 999 |
_c117686 _d117686 |
||